01006cam a2200253 a 4500001001000000003000400010005001700014008004100031040002500072082002000097100005500117245009900172260004300271300002800314590002700342650002600369650003800395700004400433910001500477942001300492952011800505952011400623999001500737000009440OSt20201002031104.0860404s1989 cu a 000 j spa d aDO-SdBNPbspacBNPHU aCU863.42bB261a1 aBarnet, Miguel,cMiguel Barnet Lanzad1940-92423910aAkeké y la jutía :bfábulas cubanas /cMiguel Barnet ; ilustraciones Enrique Martínez. aLa Habana, Cuba :bGente Nueva,c1989. a104 p. :bil. ;c24 cm. aInventariado, 2020/ YL 4aCuentos cubanos91482 4aLiteratura cubanaySIGLO XX991861 aMartínez Blanco, Enrique,924240eil. aEn proceso 2ddccLF1 00102ddc708MOaGRbGRcCTd2009-09-29eDonación iLF1l0oCU863.42 B261ap9440-10r2020-06-25w2020-06-25y4 00112ddc50718MOaGRbGRcMId2017-04-11iLF1l0oCU863.42 B261ap9440-20r2020-06-25te. 2w2020-06-25y1 c9200d9200